Diccionario de iconografía y simbología.
Saved in:
| Hovedforfatter: | |
|---|---|
| Format: | Bog |
| Udgivet: |
Madrid, España:
Cátedra,
2021.
|
| Udgivelse: | Undécima edición. |
| Serier: | Colección Arte Grandes Temas.
|
| Fag: | |
| Tags: |
Tilføj Tag
Ingen Tags, Vær først til at tagge denne postø!
|
MARC
| LEADER | 00000nam a22000007a 4500 | ||
|---|---|---|---|
| 003 | CL-VaPUC | ||
| 005 | 20250321101916.0 | ||
| 008 | 250113t2021 ||||| |||| 00| 0 eng d | ||
| 999 | |c 446452 |d 446450 | ||
| 020 | |a 978-84-376-3016-8 | ||
| 040 | |c Pontificia Universidad Católica de Valparaíso | ||
| 082 | 7 | |a 704.94603 REV 2021 |2 22 | |
| 100 | |9 895257 |a Revilla, Federico |e autor | ||
| 245 | |a Diccionario de iconografía y simbología. | ||
| 250 | |a Undécima edición. | ||
| 260 | |a Madrid, España: |b Cátedra, |c 2021. | ||
| 300 | |a 812 páginas. | ||
| 490 | |a Colección Arte Grandes Temas. | ||
| 500 | |a c.1 Instituto Arcos. 08-01-2025. | ||
| 583 | |c 20250113 |k Gabriela Rodríguez Cuevas | ||
| 650 | 0 | |9 267998 |a Iconografía |v Diccionarios | |
| 650 | 0 | |9 267342 |a Simbología |x Signos y símbolos |v Diccionarios | |
| 942 | |2 ddc |c BK |n 0 | ||
| 952 | |0 0 |1 0 |2 ddc |4 0 |6 704_946030000000000_REV_2021 |7 0 |9 599165 |a BIBINC |b BIBINC |c GEN |d 2025-01-13 |e Instituto Arcos |i 5663978 |o 704.94603 REV 2021 |p 5663978 |r 2025-01-13 |t 1 |w 2025-01-13 |y BK |k IFP | ||